How to write for children and young adults : a handbook /

Bibliographic Details
Main Author: Fitz-Randolph, Jane
Format: Book
Language:English
Published: New York : Barnes & Noble, 1980.
Subjects:

MARC

Tag First Indicator Second Indicator Subfields
LEADER 00000cam a22000008i 4500
001 in00000063746
005 20151008050647.0
008 790706r1980 nyu 00110 eng
010 |a  79002747  
020 |a 0064634914 :  |c $4.95 
035 |a (OCoLC)05219814 
035 |9 AAG2464AM 
040 |a DLC  |c DLC  |d TXA  |d UtOrBLW 
049 |a TXAM  |c [1159904] 
050 0 0 |a PN147.5  |b .F5 1980 
082 0 |a 808/.068 
100 1 |a Fitz-Randolph, Jane. 
245 1 0 |a How to write for children and young adults :  |b a handbook /  |c Jane Fitz-Randolph. 
263 |a 8004 
264 1 |a New York :  |b Barnes & Noble,  |c 1980. 
300 |a viii, 311 pages ;  |c 21 cm. 
336 |a text  |b txt  |2 rdacontent 
337 |a unmediated  |b n  |2 rdamedia 
338 |a volume  |b nc  |2 rdacarrier 
500 |a 1969 edition published under title: Writing for the juvenile and teenage market. 
500 |a Includes index. 
650 0 |a Children's literature  |x Authorship. 
999 |a MARS 
999 f f |s dc1dc3df-c16d-39bb-baa7-fe309713659e  |i 82a3a0b7-10e9-3e40-95a4-d8710142be28  |t 0 
952 f f |p normal  |a Texas A&M University  |b College Station  |c Sterling C. Evans Library  |d Evans: Library Stacks  |t 0  |e PN147.5 .F5 1980  |h Library of Congress classification  |i unmediated -- volume  |m A14803664012 
998 f f |a PN147.5 .F5 1980  |t 0  |l Evans: Library Stacks